[Event "4NCL/Div4b/SLOS3 vs. BRJ"]
[Site "Telford ENG"]
[Date "2005.05.29"]
[Round "10.2"]
[White "Haydon, Richard"]
[Black "Taylor, Robert M"]
[Result "0-1"]
[WhiteElo "2205"]
[BlackElo "2195"]
[PlyCount "84"]
[EventDate "2005.05.29"]
[SourceDate "2004.09.21"]

1. Nf3 Nf6 2. c4 g6 3. Nc3 Bg7 4. g3 d6 5. Bg2 O-O 6. O-O c6 7. d4 Qa5 8. h3
Nbd7 9. e4 e5 10. Re1 Re8 11. Rb1 Qb4 12. Bf1 exd4 13. Nxd4 Nc5 14. Nc2 Qb6 15.
Bg2 Be6 16. Be3 Qd8 17. b3 a5 18. Nd4 Qd7 19. Kh2 h5 20. Nxe6 Qxe6 21. Bd4 h4
22. g4 Nfd7 23. Bxg7 Kxg7 24. Qd4+ Qe5+ 25. Qxe5+ dxe5 26. Rbd1 Nf8 27. Rd2
Nfe6 28. Ne2 Rad8 29. Red1 Rxd2 30. Rxd2 Kf6 31. f3 Kg5 32. Kg1 Rd8 33. Rxd8
Nxd8 34. Kf2 a4 35. Nc1 axb3 36. axb3 Nde6 37. Bf1 Nf4 38. Ke3 Nce6 39. Nd3
Nxd3 40. Bxd3 c5 41. Be2 Nd4 42. Bd1 b6 0-1

[Event "4NCL/Div4b/SLOS3 vs. BRJ"]
[Site "Telford ENG"]
[Date "2005.05.29"]
[Round "10.3"]
[White "Ignacz, Maria"]
[Black "Headlong, Timothy"]
[Result "1/2-1/2"]
[WhiteElo "2195"]
[BlackElo "2213"]
[PlyCount "60"]
[EventDate "2005.05.29"]
[SourceDate "2004.09.21"]

1. d4 d5 2. c4 e6 3. Nf3 c5 4. cxd5 exd5 5. g3 Nc6 6. Bg2 Nf6 7. O-O Be7 8. Nc3
O-O 9. Bf4 Bg4 10. dxc5 Bxc5 11. Ne5 Be6 12. Nxc6 bxc6 13. Na4 Bb6 14. Rc1 Rc8
15. Nc5 Qe7 16. Be3 Bf5 17. Bd4 Rfe8 18. Re1 Ba5 19. Bc3 Bb6 20. Bb4 Nd7 21.
Qd4 Qg5 22. Qd1 Qe7 23. Nd3 Qf6 24. Bc3 d4 25. Bd2 c5 26. b3 Be4 27. Bh3 Bf5
28. Bg2 Be4 29. Bh3 Bf5 30. Bg2 Be4 1/2-1/2

[Event "4NCL/Div4b/SLOS3 vs. BRJ"]
[Site "Telford ENG"]
[Date "2005.05.29"]
[Round "10.4"]
[White "Richmond, Jane"]
[Black "Rees, Ioan"]
[Result "0-1"]
[WhiteElo "2162"]
[BlackElo "2218"]
[PlyCount "102"]
[EventDate "2005.05.29"]
[SourceDate "2004.09.21"]

1. e4 c5 2. Nf3 Nc6 3. d4 cxd4 4. Nxd4 e5 5. Nb5 d6 6. N1c3 a6 7. Na3 Be7 8.
Nc4 b5 9. Ne3 Nf6 10. a4 b4 11. Ncd5 O-O 12. Bd3 Be6 13. a5 Bxd5 14. Nxd5 Nxd5
15. exd5 Nxa5 16. Qg4 Nb7 17. Bh6 Bf6 18. Qe4 Re8 19. Be3 g6 20. Qxb4 Nc5 21.
O-O Nxd3 22. cxd3 Qd7 23. Rfc1 Reb8 24. Qc4 a5 25. b3 Bd8 26. Qa4 Qb5 27. Rc3
Qxd5 28. Rac1 Be7 29. Rc7 Bf8 30. Qd7 Qxb3 31. h4 Qe6 32. Qa4 Rb4 33. Qc6 Rbb8
34. Ba7 Re8 35. Qa4 Qd5 36. h5 Re7 37. Be3 Rxc7 38. Rxc7 Qxd3 39. Qc6 Qd1+ 40.
Kh2 Qxh5+ 41. Kg1 Rb8 42. Rc8 Rxc8 43. Qxc8 Qd1+ 44. Kh2 Qh5+ 45. Kg1 Qf5 46.
Qb8 g5 47. Qd8 h6 48. Qxa5 Kg7 49. Qd8 Qf6 50. Qa8 Qe6 51. Qa1 Be7 0-1

[Event "4NCL/Div4b/SLOS3 vs. BRJ"]
[Site "Telford ENG"]
[Date "2005.05.29"]
[Round "10.5"]
[White "Kahar, Krunal"]
[Black "Hall, Daniel J"]
[Result "1-0"]
[WhiteElo "2209"]
[BlackElo "2047"]
[PlyCount "120"]
[EventDate "2005.05.29"]
[SourceDate "2004.09.21"]

1. Nf3 Nf6 2. b3 g6 3. Bb2 Bg7 4. e3 O-O 5. Be2 d6 6. d4 c5 7. O-O b6 8. c4 Ba6
9. Nc3 Nbd7 10. Qd2 Bb7 11. d5 Bh6 12. Rad1 Ng4 13. h3 Nge5 14. Nxe5 Nxe5 15.
f4 Nd7 16. Ne4 f5 17. Qc3 Nf6 18. Nxf6+ Rxf6 19. Qd3 Rf7 20. Bf3 Qf8 21. Rf2
Bg7 22. Bc1 Re8 23. Bb2 Bc8 24. g3 Bf6 25. Bxf6 Rxf6 26. Re1 Qg7 27. Rg2 Kh8
28. h4 h5 29. Rge2 Rf7 30. Kg2 Kh7 31. a3 Bd7 32. Qd2 Kh6 33. e4 Rg8 34. Re3
fxe4 35. Bxe4 Bf5 36. Qe2 Bg4 37. Bf3 Bxf3+ 38. Rxf3 Re8 39. Qd2 Kh7 40. Rfe3
Qf6 41. Re6 Qh8 42. Qc2 Qg8 43. Qe4 Qg7 44. Re2 b5 45. cxb5 Rb8 46. a4 Rb7 47.
Qd3 Rf5 48. Qe4 Rf7 49. b4 cxb4 50. Qxb4 Rf6 51. R6e4 Qf7 52. Qc4 Rf5 53. Qc6
e5 54. dxe6 Qe7 55. Rd4 d5 56. Rxd5 Rxd5 57. Qxd5 Rc7 58. f5 g5 59. Qe5 Rc5 60.
Qe4 Kg7 1-0

[Event "4NCL/Div4b/SLOS3 vs. BRJ"]
[Site "Telford ENG"]
[Date "2005.05.29"]
[Round "10.6"]
[White "Bourne, Johnathan"]
[Black "Nelson, Omowale"]
[Result "1-0"]
[WhiteElo "2100"]
[BlackElo "2086"]
[PlyCount "35"]
[EventDate "2005.05.29"]
[SourceDate "2004.09.21"]

1. e4 c6 2. d4 d5 3. f3 dxe4 4. fxe4 e5 5. Nf3 exd4 6. Bc4 Nf6 7. O-O Be7 8.
Ng5 O-O 9. Nxf7 Rxf7 10. Bxf7+ Kxf7 11. e5 Kg8 12. exf6 Bxf6 13. Nd2 Qe7 14.
Re1 Qf7 15. Ne4 Be6 16. Qe2 Bc4 17. Nxf6+ gxf6 18. Qg4+ 1-0

[Event "4NCL/Div4b/GREN vs. ADD"]
[Site "Telford ENG"]
[Date "2005.05.29"]
[Round "10.1"]
[White "Egginton, David C"]
[Black "Dupré, Paul D"]
[Result "0-1"]
[WhiteElo "2070"]
[BlackElo "2057"]
[PlyCount "78"]
[EventDate "2005.05.29"]
[SourceDate "2004.09.21"]

1. c4 Nf6 2. g3 c6 3. Bg2 d5 4. Nf3 Bf5 5. O-O e6 6. b3 Be7 7. Bb2 O-O 8. d3 h6
9. Qc2 Na6 10. Nbd2 Bh7 11. Rad1 Qa5 12. a3 Rac8 13. Bh3 dxc4 14. Nxc4 Qh5 15.
Bg2 b5 16. Nce5 c5 17. h3 Bf5 18. g4 Nxg4 19. hxg4 Bxg4 20. Nxg4 Qxg4 21. Ne5
Qh5 22. f4 Rc7 23. e3 f6 24. Bf3 Qe8 25. Ng4 Qg6 26. Qg2 c4 27. bxc4 bxc4 28.
Be4 f5 29. Ne5 Qxg2+ 30. Bxg2 c3 31. Bc1 Rfc8 32. Rf2 Nc5 33. Rc2 Nb3 34. Nc4
Bf6 35. Kf2 g5 36. fxg5 hxg5 37. Rh1 a5 38. Kg3 Rd8 39. Rd1 Rxc4 0-1

[Event "4NCL/Div4b/GREN vs. ADD"]
[Site "Telford ENG"]
[Date "2005.05.29"]
[Round "10.2"]
[White "Marchant, Geoff"]
[Black "Bass, John"]
[Result "1/2-1/2"]
[WhiteElo "2045"]
[BlackElo "2102"]
[PlyCount "82"]
[EventDate "2005.05.29"]
[SourceDate "2004.09.21"]

1. e4 c5 2. Nf3 e6 3. d4 cxd4 4. Nxd4 a6 5. Nc3 Qc7 6. Bd3 Nf6 7. O-O Bc5 8.
Nb3 Ba7 9. Kh1 b5 10. a4 b4 11. Na2 Nc6 12. Bd2 Rb8 13. c3 Ne5 14. Bf4 bxc3 15.
Nxc3 d6 16. Be2 O-O 17. Rc1 Qe7 18. Bg3 Rd8 19. Qc2 Bb7 20. Na5 Rdc8 21. Nxb7
Qxb7 22. Rb1 Rc6 23. Qd1 Qb4 24. f4 Nc4 25. Bxc4 Qxc4 26. e5 Ne8 27. f5 exf5
28. exd6 Rd8 29. Rxf5 Nxd6 30. Rd5 Bb8 31. Qf3 Rcc8 32. Rbd1 Nb7 33. R1d4 Qb3
34. Rxd8+ Nxd8 35. Qf5 Qe6 36. Qxe6 Nxe6 37. Rd1 Bxg3 38. hxg3 g6 39. Nd5 Kg7
40. b4 Rc4 41. Rb1 Nc7 1/2-1/2

[Event "4NCL/Div4b/GREN vs. ADD"]
[Site "Telford ENG"]
[Date "2005.05.29"]
[Round "10.3"]
[White "Hardy, Roger"]
[Black "Hamilton, Robert"]
[Result "1/2-1/2"]
[WhiteElo "2030"]
[BlackElo "1970"]
[PlyCount "83"]
[EventDate "2005.05.29"]
[SourceDate "2004.09.21"]

1. e4 c5 2. Nf3 d6 3. Bb5+ Bd7 4. Bxd7+ Qxd7 5. O-O Nc6 6. c3 Nf6 7. Re1 e6 8.
d4 cxd4 9. cxd4 d5 10. e5 Ne4 11. Re2 Rc8 12. Nbd2 Nxd2 13. Bxd2 Be7 14. Bc3
O-O 15. Qd2 Ra8 16. Ne1 a5 17. a4 Nb4 18. Nd3 Nxd3 19. Qxd3 Rfc8 20. f4 Bb4 21.
Rc2 Be7 22. g4 g6 23. f5 exf5 24. gxf5 Ra6 25. e6 Qc6 26. exf7+ Kxf7 27. Rf1
Kg7 28. fxg6 hxg6 29. Rcf2 Rf8 30. Rxf8 Bxf8 31. Qf3 Qe8 32. Qxd5 Qe7 33. Qf3
Kg8 34. d5 Bh6 35. Re1 Qd8 36. Qh3 Bg7 37. Bxg7 Kxg7 38. Qc3+ Kg8 39. Qe3 Qd6
40. Rd1 Qd7 41. Rd4 Qd8 42. Rd2 1/2-1/2

[Event "4NCL/Div4b/GREN vs. ADD"]
[Site "Telford ENG"]
[Date "2005.05.29"]
[Round "10.4"]
[White "McLeod, Ian S"]
[Black "Grossett, Duncan D"]
[Result "1/2-1/2"]
[WhiteElo "1900"]
[BlackElo "2005"]
[PlyCount "122"]
[EventDate "2005.05.29"]
[SourceDate "2004.09.21"]

1. d4 Nf6 2. g3 c5 3. c3 Nc6 4. Bg2 d5 5. Nf3 Bf5 6. O-O e6 7. Bf4 Qb6 8. Qb3
Qxb3 9. axb3 cxd4 10. Nxd4 Nxd4 11. cxd4 Nh5 12. Bd2 Bd6 13. Na3 Kd7 14. f3 Nf6
15. Bg5 a6 16. Bxf6 gxf6 17. e4 Bg6 18. exd5 b5 19. f4 Rab8 20. dxe6+ fxe6 21.
d5 e5 22. Bh3+ Ke7 23. Rfe1 Bc5+ 24. Kh1 Bd4 25. Re2 Kd6 26. Be6 Bd3 27. fxe5+
fxe5 28. Rae1 Bxe2 29. Rxe2 Rhf8 30. Rc2 Rb6 31. Kg2 e4 32. Re2 e3 33. Nc2 Ke5
34. Nxe3 Bxe3 35. Rxe3+ Kd4 36. Re2 h6 37. Rc2 Rf6 38. h4 a5 39. g4 Ke5 40. Kg3
Rb8 41. Re2+ Kd6 42. g5 hxg5 43. hxg5 Rg6 44. Kg4 Rb7 45. Bf5 Rgg7 46. g6 Rbc7
47. Kg5 Kxd5 48. Rd2+ Ke5 49. Re2+ Kd6 50. Kf6 Rg8 51. Be6 Rxg6+ 52. Kxg6 Rc1
53. Bf5 Rg1+ 54. Kf6 Rg3 55. Rd2+ Kc5 56. Be6 a4 57. bxa4 bxa4 58. Rc2+ Kb4 59.
Rc4+ Kb5 60. Rf4 a3 61. bxa3 Rxa3 1/2-1/2

[Event "4NCL/Div4b/GREN vs. ADD"]
[Site "Telford ENG"]
[Date "2005.05.29"]
[Round "10.5"]
[White "Hibbitt, Arthur M"]
[Black "Klein, Cornelia"]
[Result "1/2-1/2"]
[WhiteElo "1975"]
[BlackElo "1945"]
[PlyCount "94"]
[EventDate "2005.05.29"]
[SourceDate "2004.09.21"]

1. d4 Nf6 2. Nf3 e6 3. Nc3 b6 4. g3 Bb7 5. Bg2 Bb4 6. O-O O-O 7. Bd2 d5 8. Ne5
Nbd7 9. Nxd7 Qxd7 10. Ne4 Be7 11. Nxf6+ Bxf6 12. Bb4 Rfc8 13. c4 c5 14. dxc5
bxc5 15. Ba3 d4 16. Bxb7 Qxb7 17. Qd3 e5 18. e4 Be7 19. Rae1 Bd8 20. f4 exf4
21. gxf4 Qc6 22. Re2 Bc7 23. b3 Re8 24. Bc1 Re7 25. e5 Qg6+ 26. Qxg6 hxg6 27.
Bd2 Rae8 28. Rfe1 Re6 29. Kf2 Bd8 30. Kf3 Bh4 31. Rd1 Bd8 32. b4 Bb6 33. b5 f6
34. Rde1 Bc7 35. exf6 Rxe2 36. f7+ Kxf7 37. Rxe2 Rxe2 38. Kxe2 Ke6 39. a4 Kf5
40. Kf3 g5 41. fxg5 Bxh2 42. a5 Bc7 43. a6 g6 44. Bc1 Bd8 45. Bf4 Ba5 46. Bd6
Bb6 47. Be7 Ke5 1/2-1/2

[Event "4NCL/Div4b/PONTY vs. MONM"]
[Site "Telford ENG"]
[Date "2005.05.29"]
[Round "10.1"]
[White "White, Ian G"]
[Black "Thomas, Joseff"]
[Result "1/2-1/2"]
[WhiteElo "2033"]
[BlackElo "2023"]
[PlyCount "42"]
[EventDate "2005.05.29"]
[SourceDate "2004.09.21"]

1. e4 e5 2. Bc4 Bc5 3. Nf3 Nc6 4. d3 Nf6 5. c3 d6 6. O-O Bb6 7. b4 O-O 8. a4 a5
9. b5 Ne7 10. Na3 Ng6 11. Nc2 Bg4 12. h3 Bh5 13. Be3 Bxe3 14. fxe3 Nh4 15. Nce1
c6 16. Qc2 Nxf3+ 17. Nxf3 Bg6 18. bxc6 bxc6 19. Bb3 Rb8 20. Rab1 Qc7 21. Ba2 d5
1/2-1/2

[Event "4NCL/Div4b/PONTY vs. MONM"]
[Site "Telford ENG"]
[Date "2005.05.29"]
[Round "10.2"]
[White "Waterfield, John"]
[Black "Taylor, Robert G"]
[Result "0-1"]
[WhiteElo "2045"]
[BlackElo "2047"]
[PlyCount "152"]
[EventDate "2005.05.29"]
[SourceDate "2004.09.21"]

1. e4 c5 2. d4 cxd4 3. c3 dxc3 4. Nxc3 Nc6 5. Nf3 e6 6. Bc4 d6 7. O-O a6 8. Qe2
b5 9. Bb3 Bb7 10. Rd1 Na5 11. Bf4 Nxb3 12. axb3 Qb6 13. Be3 Qc7 14. Rac1 Qa5
15. b4 Qxb4 16. Rd4 Qa5 17. b4 Qd8 18. Bf4 Rc8 19. Qd3 Nf6 20. Rd1 Be7 21. Bxd6
Bxd6 22. Rxd6 Qc7 23. e5 Nd5 24. Nxd5 Bxd5 25. Rxa6 Qc4 26. Qxc4 Rxc4 27. Ne1
O-O 28. Nd3 Be4 29. f3 Bxd3 30. Rxd3 Rxb4 31. Ra7 Rc4 32. Rb7 Rc5 33. Rb3 Rxe5
34. R7xb5 Rxb5 35. Rxb5 Rd8 36. Kf2 Kf8 37. Ke3 Ke7 38. Rb7+ Rd7 39. Rb4 h5 40.
h4 Ra7 41. g3 Ra3+ 42. Ke2 Kf6 43. Rb5 g6 44. Rg5 Rb3 45. Kf2 Rd3 46. Ra5 Rd2+
47. Kf1 e5 48. Ra7 Ke6 49. Rb7 f6 50. Rg7 Kf5 51. Rg8 Ra2 52. Kg1 Ra6 53. Kf2
Ra4 54. Rb8 g5 55. hxg5 Kxg5 56. Rg8+ Kf5 57. Rh8 Kg6 58. Rg8+ Kh7 59. Rf8 Kg7
60. Re8 h4 61. gxh4 Rxh4 62. Ke3 Kg6 63. Rg8+ Kf5 64. Rd8 Ra4 65. Rd3 Kg5 66.
Rb3 f5 67. Rb5 Ra3+ 68. Kf2 Ra2+ 69. Kf1 Kf4 70. Rb3 Kg3 71. Re3 f4 72. Rxe5
Kxf3 73. Re1 Kg3 74. Rb1 f3 75. Kg1 Rg2+ 76. Kf1 Rh2 0-1

[Event "4NCL/Div4b/PONTY vs. MONM"]
[Site "Telford ENG"]
[Date "2005.05.29"]
[Round "10.3"]
[White "Saunders, W Nigel"]
[Black "Thomas, Jac"]
[Result "0-1"]
[WhiteElo "2086"]
[BlackElo "1985"]
[PlyCount "118"]
[EventDate "2005.05.29"]
[SourceDate "2004.09.21"]

1. d4 Nf6 2. Nf3 g6 3. Nc3 Bg7 4. e4 d6 5. h3 Nbd7 6. Be3 c6 7. Qd2 Qa5 8. Bd3
b5 9. O-O O-O 10. Bh6 a6 11. Bxg7 Kxg7 12. Qg5 h6 13. Qh4 Qc7 14. Rfe1 e5 15.
dxe5 Nxe5 16. Nxe5 dxe5 17. f4 Bb7 18. f5 c5 19. a3 Rad8 20. Re3 c4 21. Bf1 Rd2
22. Re2 Rxe2 23. Bxe2 g5 24. Qf2 Nxe4 25. Nxe4 Bxe4 26. f6+ Kh7 27. Bg4 Bg6 28.
Re1 Re8 29. Bf5 Qd6 30. Bxg6+ Kxg6 31. Rf1 Qd4 32. g4 Re6 33. c3 Qxf2+ 34. Rxf2
Rxf6 35. Re2 Re6 36. Re4 f5 37. gxf5+ Kxf5 38. Re2 e4 39. Kf2 Kf4 40. Ke1 e3
41. Rg2 h5 42. Rg1 e2 43. Rg2 g4 44. hxg4 hxg4 45. Rf2+ Kg3 46. Rf7 Kg2 47.
Rf2+ Kg1 48. Rf4 g3 49. Rg4 Kg2 50. Rg8 Re3 51. Rg7 Kg1 52. Rg8 g2 53. Rh8 Rf3
54. Rh6 Rf1+ 55. Kxe2 Rf2+ 56. Ke1 Rxb2 57. Rxa6 Rb3 58. Kd2 Rb2+ 59. Kd1 Kf1
0-1

[Event "4NCL/Div4b/PONTY vs. MONM"]
[Site "Telford ENG"]
[Date "2005.05.29"]
[Round "10.4"]
[White "Thomas, Kevin"]
[Black "Davies, Peter L"]
[Result "1/2-1/2"]
[WhiteElo "1960"]
[BlackElo "2003"]
[PlyCount "50"]
[EventDate "2005.05.29"]
[SourceDate "2004.09.21"]

1. e4 c5 2. d4 cxd4 3. c3 d5 4. exd5 Qxd5 5. cxd4 Nf6 6. Nc3 Qd8 7. Bc4 g6 8.
Qb3 e6 9. d5 exd5 10. Nxd5 Nxd5 11. Bxd5 Qe7+ 12. Kf1 Bg7 13. Bd2 Be6 14. Qxb7
Bxd5 15. Qxd5 O-O 16. Qxa8 Qd6 17. Nf3 Qa6+ 18. Kg1 Nc6 19. Qxf8+ Kxf8 20. g3
Bxb2 21. Rb1 Qxa2 22. Kg2 Kg7 23. Rhd1 a5 24. Bc1 Bf6 25. Be3 Bb2 1/2-1/2

[Event "4NCL/Div4b/PONTY vs. MONM"]
[Site "Telford ENG"]
[Date "2005.05.29"]
[Round "10.5"]
[White "James, Dai"]
[Black "Roberts, Dave"]
[Result "1-0"]
[WhiteElo "2003"]
[BlackElo "1863"]
[PlyCount "71"]
[EventDate "2005.05.29"]
[SourceDate "2004.09.21"]

1. e4 c6 2. d4 d5 3. exd5 cxd5 4. c4 Nf6 5. Nc3 e6 6. Nf3 Be7 7. Bd3 O-O 8. O-O
b6 9. cxd5 exd5 10. Ne5 Bb7 11. Bf4 Nc6 12. Bf5 g6 13. Nxc6 Bxc6 14. Bd3 Re8
15. Rc1 a6 16. Re1 Bf8 17. Qf3 Bg7 18. Bg5 Rxe1+ 19. Rxe1 Qd6 20. a4 Ne4 21.
Bxe4 dxe4 22. Nxe4 Bxe4 23. Qxe4 Rc8 24. d5 Bxb2 25. Bf4 Qf6 26. Bh6 Qd8 27. h4
Qd7 28. h5 Bg7 29. Bxg7 Kxg7 30. Qd4+ Kh6 31. hxg6 hxg6 32. Re4 Rc1+ 33. Kh2
Qd6+ 34. g3 f6 35. Re6 Qc5 36. Qh4+ 1-0

[Event "4NCL/Div4b/PONTY vs. MONM"]
[Site "Telford ENG"]
[Date "2005.05.29"]
[Round "10.6"]
[White "Lazarus, Sam"]
[Black "Lobo, Richard"]
[Result "0-1"]
[WhiteElo "1605"]
[BlackElo "1895"]
[PlyCount "52"]
[EventDate "2005.05.29"]
[SourceDate "2004.09.21"]

1. e4 c5 2. Nc3 Nc6 3. f4 e6 4. Nf3 d5 5. e5 a6 6. a4 Qa5 7. d4 cxd4 8. Nxd4
Nxd4 9. Qxd4 Bc5 10. Qd1 d4 11. Bd2 dxc3 12. bxc3 Ne7 13. Bc4 Bd7 14. Bb3 Bc6
15. Qg4 O-O 16. Rf1 Nf5 17. Qh5 Ne3 18. f5 Nxf1 19. f6 g6 20. Qh6 Bf2+ 21. Kd1
Ne3+ 22. Bxe3 Rfd8+ 23. Ke2 Rd2+ 24. Kf1 Bxg2+ 25. Kxg2 Bxe3+ 26. Kh3 Bxh6 0-1

[Event "4NCL/Div4b/HAL vs. PONTY"]
[Site "Telford ENG"]
[Date "2005.05.30"]
[Round "11.1"]
[White "Roberts, Colin J"]
[Black "Robinson, David"]
[Result "1-0"]
[WhiteElo "2055"]
[BlackElo "2036"]
[PlyCount "67"]
[EventDate "2005.05.30"]
[SourceDate "2004.09.21"]

1. Nf3 Nf6 2. g3 g6 3. Bg2 Bg7 4. c4 O-O 5. Nc3 c6 6. e4 d6 7. d4 Bg4 8. h3
Bxf3 9. Bxf3 Nbd7 10. Be3 Rb8 11. Qd2 b5 12. cxb5 cxb5 13. g4 Nb6 14. b3 a6 15.
Rc1 e5 16. d5 Rc8 17. g5 Nfd7 18. Bg4 b4 19. Ne2 Rxc1+ 20. Qxc1 f5 21. gxf6
Nxf6 22. Be6+ Kh8 23. Qc6 Nbd7 24. Qxd6 Nxe4 25. Qxd7 Qh4 26. O-O Nf6 27. Qe7
Qe4 28. d6 Qd3 29. Bc4 Qf5 30. Qe6 Qf3 31. d7 Ne4 32. Qg4 Qxg4+ 33. hxg4 Nf6
34. Rd1 1-0

[Event "4NCL/Div4b/HAL vs. PONTY"]
[Site "Telford ENG"]
[Date "2005.05.30"]
[Round "11.2"]
[White "Taylor, Robert G"]
[Black "Tarr, Steve"]
[Result "1-0"]
[WhiteElo "2047"]
[BlackElo "1935"]
[PlyCount "119"]
[EventDate "2005.05.30"]
[SourceDate "2004.09.21"]

1. d4 Nf6 2. Nf3 e6 3. c4 d5 4. g3 b6 5. Bg2 Bb7 6. O-O Be7 7. b3 c5 8. cxd5
exd5 9. Bb2 cxd4 10. Nxd4 Nbd7 11. Nf5 O-O 12. Nc3 Nc5 13. Nxd5 Bxd5 14. Bxd5
Nxd5 15. Qxd5 Re8 16. Qxd8 Bxd8 17. Bxg7 Rxe2 18. Rfe1 Rxe1+ 19. Rxe1 Ne6 20.
Bh6 Bf6 21. Rd1 Rc8 22. Rd7 Rc7 23. Rxc7 Nxc7 24. Nd6 Nd5 25. Kf1 a6 26. a4 Bd4
27. Nf5 Be5 28. Ne3 Nc3 29. Nc4 Bc7 30. Ke1 Ne4 31. Be3 b5 32. axb5 axb5 33.
Nd2 Ba5 34. Ke2 Nf6 35. f3 Kf8 36. Kd3 Nd7 37. Bd4 Ke7 38. Ne4 f6 39. Nc3 Bxc3
40. Kxc3 Kd6 41. g4 Kd5 42. h4 Ke6 43. Kd3 Nb8 44. f4 Nd7 45. Ke4 Kd6 46. g5
fxg5 47. hxg5 Ke6 48. f5+ Kd6 49. g6 hxg6 50. fxg6 Ke6 51. g7 Kf7 52. Kd5 Nb8
53. Kc5 b4 54. Kxb4 Nc6+ 55. Kc5 Ne7 56. b4 Ke6 57. b5 Kd7 58. Bf6 Ng8 59. Bg5
Kc7 60. Kd5 1-0

[Event "4NCL/Div4b/HAL vs. PONTY"]
[Site "Telford ENG"]
[Date "2005.05.30"]
[Round "11.3"]
[White "Llewellyn, John D"]
[Black "White, Ian G"]
[Result "0-1"]
[WhiteElo "1775"]
[BlackElo "2033"]
[PlyCount "128"]
[EventDate "2005.05.30"]
[SourceDate "2004.09.21"]

1. e4 e6 2. d3 d5 3. Nd2 Nf6 4. g3 c5 5. Bg2 Nc6 6. Ngf3 Be7 7. O-O O-O 8. Re1
b6 9. c3 Qc7 10. Qe2 Ba6 11. e5 Nd7 12. Nf1 Rad8 13. Bf4 Rfe8 14. h4 b5 15.
N1h2 Nf8 16. Bh3 d4 17. Ng5 Bxg5 18. Bxg5 Rd7 19. Bf6 Ng6 20. h5 gxf6 21. hxg6
Nxe5 22. gxh7+ Kxh7 23. Qh5+ Kg7 24. Bg2 Rh8 25. Qe2 Bb7 26. f4 Ng6 27. Nf3
dxc3 28. bxc3 Rhd8 29. Red1 Qa5 30. Rac1 Qa3 31. Ne1 Bxg2 32. Kxg2 Ne7 33. Nf3
Nd5 34. Qd2 b4 35. cxb4 cxb4 36. Nd4 Ne3+ 37. Qxe3 Rxd4 38. Qe2 Rxd3 39. Rxd3
Qxd3 40. Qxd3 Rxd3 41. Kh3 a5 42. Rc5 Ra3 43. Rc2 Kg6 44. Kg4 e5 45. f5+ Kg7
46. Re2 Rd3 47. Rb2 Rd4+ 48. Kf3 a4 49. Ke3 Kh6 50. Kf3 Kg5 51. Rc2 Kxf5 52.
Rc7 Rd2 53. Rb7 b3 54. axb3 Rd3+ 55. Kf2 axb3 56. Rxf7 e4 57. Rb7 Rf3+ 58. Kg2
Ke5 59. Re7+ Kd4 60. Rb7 f5 61. Rd7+ Kc3 62. Rc7+ Kd2 63. Rd7+ Kc2 64. Rc7+ Rc3
0-1

[Event "4NCL/Div4b/HAL vs. PONTY"]
[Site "Telford ENG"]
[Date "2005.05.30"]
[Round "11.4"]
[White "Davies, Peter L"]
[Black "Digger, Derek"]
[Result "1-0"]
[WhiteElo "2003"]
[BlackElo "1685"]
[PlyCount "51"]
[EventDate "2005.05.30"]
[SourceDate "2004.09.21"]

1. Nf3 d6 2. d4 g6 3. g3 Bg7 4. Bg2 Nf6 5. O-O O-O 6. c4 e6 7. Nc3 Nbd7 8. e4
c6 9. Bf4 Nb6 10. b3 a6 11. Rc1 c5 12. dxc5 dxc5 13. Qxd8 Rxd8 14. Bc7 Re8 15.
Bxb6 Nd7 16. Bc7 b6 17. Rfd1 Ra7 18. Bf4 Rd8 19. Na4 Rb7 20. e5 Kf8 21. Ng5 Rb8
22. Nxh7+ Ke7 23. Bg5+ f6 24. exf6+ Nxf6 25. Rxd8 Kxd8 26. Nxf6 1-0

[Event "4NCL/Div4b/HAL vs. PONTY"]
[Site "Telford ENG"]
[Date "2005.05.30"]
[Round "11.5"]
[White "McClory, Bernard"]
[Black "James, Dai"]
[Result "0-1"]
[WhiteElo "1640"]
[BlackElo "2003"]
[PlyCount "58"]
[EventDate "2005.05.30"]
[SourceDate "2004.09.21"]

1. d4 e6 2. a3 Nf6 3. Nc3 c5 4. Bf4 cxd4 5. Qxd4 Nc6 6. Qd1 Qb6 7. e3 a6 8. Nf3
Qa5 9. Nd2 d5 10. Nb3 Qd8 11. Nd4 Bd6 12. Nxc6 bxc6 13. Bxd6 Qxd6 14. Na4 c5
15. c4 O-O 16. cxd5 exd5 17. Qc2 c4 18. Rd1 Qe5 19. Qd2 Rb8 20. Nc3 Be6 21. Be2
Rb3 22. Rb1 Rfb8 23. O-O Bf5 24. Rfd1 Bxb1 25. Nxd5 Qxd5 26. Qxd5 Nxd5 27. Rxd5
Rxb2 28. Bf1 Bd3 29. h4 Rb1 0-1

[Event "4NCL/Div4b/HAL vs. PONTY"]
[Site "Telford ENG"]
[Date "2005.05.30"]
[Round "11.6"]
[White "Lobo, Richard"]
[Black "Evans, Joyce"]
[Result "1-0"]
[WhiteElo "1895"]
[BlackElo "1435"]
[PlyCount "65"]
[EventDate "2005.05.30"]
[SourceDate "2004.09.21"]

1. e4 e5 2. f4 Nc6 3. Nf3 d6 4. Bc4 Bg4 5. O-O Nf6 6. Nc3 Be7 7. h3 Bc8 8. d3
O-O 9. g4 Na5 10. Bb3 Nxb3 11. axb3 c6 12. fxe5 Qb6+ 13. d4 dxe5 14. Nxe5 Rd8
15. Be3 Bd6 16. Nc4 Qc7 17. e5 Bb4 18. Bf4 Nd5 19. Nxd5 Rxd5 20. c3 Be7 21. e6
Qd8 22. exf7+ Kxf7 23. Bc7+ Bf5 24. Bxd8 Raxd8 25. Rxf5+ Rxf5 26. gxf5 a6 27.
Qh5+ Kg8 28. Ne5 Rf8 29. Re1 c5 30. Ng6 hxg6 31. fxg6 Re8 32. Qh7+ Kf8 33. Qh8#
1-0

[Event "4NCL/Div4b/FCA2 vs. GREN"]
[Site "Telford ENG"]
[Date "2005.05.30"]
[Round "11.1"]
[White "Valentine, Brian J"]
[Black "Egginton, David C"]
[Result "1/2-1/2"]
[WhiteElo "2050"]
[BlackElo "2070"]
[PlyCount "57"]
[EventDate "2005.05.30"]
[SourceDate "2004.09.21"]

1. e4 c6 2. d4 d5 3. e5 Bf5 4. Nf3 e6 5. Be2 c5 6. O-O Nc6 7. Be3 cxd4 8. Nxd4
Nxd4 9. Bxd4 Ne7 10. c4 Nc6 11. cxd5 Qxd5 12. Bf3 Be4 13. Bxe4 Qxe4 14. Bc3 Bc5
15. Nd2 Qd5 16. Qg4 O-O-O 17. Nb3 Bf8 18. Rac1 h5 19. Qe2 Qd3 20. Qxd3 Rxd3 21.
Na5 Be7 22. Nxc6 bxc6 23. Ba5 Kb7 24. Rfd1 Rd5 25. Rxd5 exd5 26. f4 Bd8 27.
Bxd8 Rxd8 28. Kf2 a5 29. Ke2 1/2-1/2

[Event "4NCL/Div4b/FCA2 vs. GREN"]
[Site "Telford ENG"]
[Date "2005.05.30"]
[Round "11.2"]
[White "Bass, John"]
[Black "Majer, Chris E"]
[Result "1-0"]
[WhiteElo "2102"]
[BlackElo "2036"]
[PlyCount "77"]
[EventDate "2005.05.30"]
[SourceDate "2004.09.21"]

1. d4 Nf6 2. Nf3 c5 3. d5 b5 4. c4 b4 5. Bg5 d6 6. Nbd2 g6 7. e4 Nbd7 8. Bd3
Bg7 9. O-O O-O 10. Re1 Ng4 11. Qc2 Nde5 12. Nxe5 Nxe5 13. Bf1 f5 14. f4 Nf7 15.
Bh4 Bf6 16. Bxf6 exf6 17. exf5 Bxf5 18. Bd3 Bxd3 19. Qxd3 f5 20. Re6 Qd7 21.
Rae1 Rfe8 22. h4 Nh6 23. h5 Rxe6 24. dxe6 Qe7 25. hxg6 hxg6 26. Nf3 Kg7 27. Ng5
Rd8 28. a3 a5 29. axb4 axb4 30. Qd5 Ng4 31. Qc6 Rh8 32. Ra1 Qf6 33. Qxd6 Qxb2
34. Qe7+ Kh6 35. Nf7+ Kg7 36. Ne5+ Kh6 37. Qg5+ Kg7 38. Qxg6+ Kf8 39. Qf7# 1-0

[Event "4NCL/Div4b/FCA2 vs. GREN"]
[Site "Telford ENG"]
[Date "2005.05.30"]
[Round "11.3"]
[White "Adebajo, Femi"]
[Black "Hardy, Roger"]
[Result "1/2-1/2"]
[WhiteElo "2045"]
[BlackElo "2030"]
[PlyCount "65"]
[EventDate "2005.05.30"]
[SourceDate "2004.09.21"]

1. d4 d5 2. c4 e6 3. Nc3 Nf6 4. Bg5 Nbd7 5. Nf3 c6 6. e3 Qa5 7. Bxf6 Nxf6 8.
Bd3 dxc4 9. Bxc4 Bb4 10. O-O Bxc3 11. bxc3 Qxc3 12. Rc1 Qb4 13. Ne5 O-O 14. Bd3
Qe7 15. f4 Nd7 16. Rf3 f5 17. Nc4 Nf6 18. Rg3 Bd7 19. Ne5 Kh8 20. Qb3 Be8 21.
Rh3 Rc8 22. Bc4 Nd5 23. Bxd5 exd5 24. a4 Bf7 25. Rb1 Rc7 26. Qd3 g6 27. a5 Rfc8
28. Qb3 c5 29. dxc5 Qxc5 30. Rf3 Kg8 31. g4 fxg4 32. Nxg4 d4 33. Nh6+ 1/2-1/2

[Event "4NCL/Div4b/FCA2 vs. GREN"]
[Site "Telford ENG"]
[Date "2005.05.30"]
[Round "11.4"]
[White "Grossett, Duncan D"]
[Black "Harbour, John"]
[Result "1-0"]
[WhiteElo "2005"]
[BlackElo "1935"]
[PlyCount "33"]
[EventDate "2005.05.30"]
[SourceDate "2004.09.21"]

1. d4 e5 2. e4 exd4 3. Nf3 Nf6 4. Bc4 Bb4+ 5. c3 dxc3 6. O-O cxb2 7. Bxb2 O-O
8. e5 Ng4 9. Qd4 Nc6 10. Qxg4 d5 11. e6 f6 12. Bb5 Qd6 13. Bxc6 bxc6 14. Nd4
Re8 15. Nc3 Bxe6 16. Nxe6 Qxe6 17. Qxb4 1-0